Saberes y sabores : (Record n. 3607)

Dettagli MARC
000 -LEADER
fixed length control field 00858nam a2200253 i 4500
003 - CONTROL NUMBER IDENTIFIER
control field IT-RoINE
005 - DATE AND TIME OF LATEST TRANSACTION
control field 20141107112719.0
008 - FIXED-LENGTH DATA ELEMENTS--GENERAL INFORMATION
fixed length control field 990205s1998 sp | r |1| |bspa d
020 ## - INTERNATIONAL STANDARD BOOK NUMBER
International Standard Book Number 8427122071
040 ## - CATALOGING SOURCE
Original cataloging agency SpMaBN
Language of cataloging spa
Transcribing agency IT-RoINE
Description conventions rdc
245 10 - TITLE STATEMENT
Title Saberes y sabores :
Remainder of title homenaje a Luis Alonso Schökel, S.J. /
Statement of responsibility, etc Guillermo Martín Rodríguez (ed.).
260 ## - PUBLICATION, DISTRIBUTION, ETC. (IMPRINT)
Place of publication, distribution, etc Bilbao :
Name of publisher, distributor, etc Mensajero,
Date of publication, distribution, etc [1998].
300 ## - PHYSICAL DESCRIPTION
Extent 270 p. ;
Dimensions 22 cm.
336 ## - CONTENT TYPE
Source rdacontent
Content type term text
337 ## - MEDIA TYPE
Source rdamedia
Media type term unmediated
338 ## - CARRIER TYPE
Source rdacarrier
Carrier type term volume
490 1# - SERIES STATEMENT
Series statement Testimonios
504 ## - BIBLIOGRAPHY, ETC. NOTE
Bibliography, etc Bibliografía: p. 243-268
600 14 - SUBJECT ADDED ENTRY--PERSONAL NAME
Personal name Alonso Schökel, Luis,
Titles and other words associated with a name S.I.,
Dates associated with a name 1920-1988
9 (RLIN) 2118
700 10 - ADDED ENTRY--PERSONAL NAME
Personal name Alonso Schökel, Luis,
Titles and other words associated with a name S.I.,
Dates associated with a name 1920-1988
9 (RLIN) 2118
700 10 - ADDED ENTRY--PERSONAL NAME
9 (RLIN) 7420
Personal name Martín Rodríguez, Guillermo,
Dates associated with a name 1938-
830 #0 - SERIES ADDED ENTRY--UNIFORM TITLE
Uniform title Testimonios (Ediciones Mensajero)
9 (RLIN) 7422
942 ## - ADDED ENTRY ELEMENTS (KOHA)
Item type Monografías
Dati di copia
Withdrawn status Lost status Damaged status Not for loan Home library Current library Date acquired Total Checkouts Full call number Barcode Date last seen Price effective from Koha item type
        Iglesia Nacional Española en Roma Iglesia Nacional Española en Roma 08/05/2014   BIO 1591 4071 08/05/2014 08/05/2014 Monografías